Northerners heed South's siren call. (Record no. 61589)

MARC details
000 -LEADER
fixed length control field 00661cam a2200193 4500
001 - CONTROL NUMBER
control field WB3533-14
008 - FIXED-LENGTH DATA ELEMENTS--GENERAL INFORMATION
fixed length control field 000000n1999 000 0 eng u
035 ## - SYSTEM CONTROL NUMBER
System control number (Sirsi) u102588
245 ## - TITLE STATEMENT
Title Northerners heed South's siren call.
260 ## - PUBLICATION, DISTRIBUTION, ETC.
Date of publication, distribution, etc. 1999
490 ## - SERIES STATEMENT
Series statement Guardian
Volume/sequential designation 27 August 1999, 3(2)
520 ## - SUMMARY, ETC.
Summary, etc. Government figures show that almost 250,000 people have left the old industrial communities of the north and midlands since 1991 for southern and eastern England. Profiles of Ely and Redcar. Statistics.
650 ## - SUBJECT ADDED ENTRY--TOPICAL TERM
Topical term or geographic name entry element ELY
650 ## - SUBJECT ADDED ENTRY--TOPICAL TERM
Topical term or geographic name entry element REDCAR
650 ## - SUBJECT ADDED ENTRY--TOPICAL TERM
Topical term or geographic name entry element MIGRATION
650 ## - SUBJECT ADDED ENTRY--TOPICAL TERM
Topical term or geographic name entry element NORTH SOUTH DIVIDE
690 ## - LOCAL SUBJECT ADDED ENTRY--TOPICAL TERM (OCLC, RLIN)
Topical term or geographic name as entry element ECONOMIC AND SOCIAL
942 ## - ADDED ENTRY ELEMENTS (KOHA)
Suppress in OPAC 0
Holdings
Withdrawn status Lost status Source of classification or shelving scheme Damaged status Not for loan Home library Current library Shelving location Date acquired Total Checkouts Full call number Barcode Date last seen Copy number Price effective from Koha item type
    Dewey Decimal Classification     London London News article 23/11/1999   WB3533-15 102588-1001 06/08/2019 1 06/08/2019 News article